|
|
|
|
| LEADER |
00000ngm a22000007ic4500 |
| 001 |
IT\ICCU\UBO\3114539 |
| 003 |
ItRI |
| 005 |
20260124182833.0 |
| 008 |
070108s1993 it |||||||||||||||k|||||c |
| 028 |
4 |
2 |
|a PIV12306
|
| 040 |
|
|
|b ita
|
| 041 |
|
7 |
|a ita
|2 ISO-639-2
|
| 245 |
0 |
0 |
|a JFK.
|
| 260 |
|
|
|a [Italia] :
|b Warner home video,
|c c1993
|
| 300 |
|
|
|a 1 videocassetta (VHS) :
|b col. (PAL), son. (stereo Hi-Fi, Dolby).
|
| 773 |
0 |
|
|w IT\ICCU\RAV\0243372
|t JFK
|
| 942 |
|
|
|2 ddc
|c VM
|n 0
|
| 952 |
|
|
|0 0
|1 0
|4 0
|6 VO_311_000000000000000
|7 0
|9 26935
|a BO
|b BO
|d 2026-01-24
|i 11437
|l 0
|o VO 311
|p BO11437
|r 2026-01-24 18:28:33
|w 2026-01-24
|x [Sebina 5] [videocassetta 2]
|y VM
|z videocassetta 2
|
| 999 |
|
|
|c 22785
|d 22785
|